| 000 | 00383nam a22001097a 4500 | ||
|---|---|---|---|
| 008 | 230607b xxu||||| |||| 00| 0 eng d | ||
| 082 |
_a336.006 _bCPST |
||
| 245 |
_aPublic Finance Management _bA Manual of the Centre for Parliamentary Studies and Training |
||
| 260 |
_aNairobi,Kenya _bThe Centre for Parliamentary Studies and Training _cJanuary,2015 |
||
| 300 | _aIV,175p | ||
| 942 |
_2ddc _cBK |
||
| 999 |
_c820 _d820 |
||